000 00223nam a22000857a 4500
008 161126b xxu||||| |||| 00| 0 eng d
100 _91470
_aMayer. M
245 _aWhen i get bigger
260 _aNew york
_bWestern publication
_c1983
999 _c4191
_d4191